| 000 | 00461nam a2200169 4500 | ||
|---|---|---|---|
| 001 | 116531 | ||
| 003 | ES-MaACL | ||
| 005 | 20230906190725.0 | ||
| 007 | t| | ||
| 008 | 061121s1968 sp r ||||1| spa d | ||
| 100 | 1 |
_aOteiza, Valentín. _987871 |
|
| 245 | 1 | 0 |
_aExámenes prácticos para matrimonios / _cValentín Oteiza. |
| 250 | _a2ª. ed. | ||
| 260 |
_aBilbao : _bMensajero, _c1968. |
||
| 300 |
_a124 p. ; _c19 cm. |
||
| 852 |
_aES-MaACL _jC-51631 _bR.67270 |
||
| 999 |
_c116531 _d116531 |
||